Statistics for Top 40 most utopian Countries

Click here to take the quiz!

General Stats

  • This quiz has been taken 111 times
  • The average score is 15 of 40

Answer Stats

HintAnswer% Correct
12United States
89%
3Finland
82%
4Norway
82%
6Sweden
80%
2Canada
79%
7Iceland
77%
8Denmark
76%
10Australia
75%
1Japan
75%
13New Zealand
69%
15France
68%
5Switzerland
67%
18Ireland
66%
11Singapore
65%
9Netherlands
63%
16Israel
41%
23Cuba
28%
21Iran
25%
22North Korea
24%
39Afghanistan
20%
28Syria
20%
40Iraq
18%
17Bangladesh
14%
36Nauru
13%
32Libya
12%
26Myanmar
12%
19Venezuela
12%
20Sudan
11%
33Tajikistan
11%
25Turkmenistan
11%
38Somalia
10%
14South Sudan
10%
29Zimbabwe
10%
30Burundi
9%
31Eritrea
9%
35Comoros
8%
37Guinea Bissau
8%
24Mauritania
7%
27Yemen
7%
34Equatorial Guinea
6%

Score Distribution

Percentile by Number Answered

Percent of People with Each Score

Your Score History

You have not taken this quiz